000 00650nam a2200241Ia 4500
003 OSt
005 20221005085558.0
006 a|||||r|||| 00| 0
007 ta
008 221004b |||||||| |||| 00| 0 eng d
024 _a66544
037 _cTextual
040 _aCRL
_cCRL
_beng
041 _2eng
_aeng
082 _aV52.J98<-J62, L9
100 _aLe Roy Ladurie Emmanuel
245 0 _aCarnival in Romans Tr by Mary Feeny
260 _aNew York
_bGeorge Braziller
_c1979
300 _a426p.
_ccm.
650 _aHISTORY
942 _hV52.J98<-J62, L9
_cTEXL
_2cc
999 _c994403
_d994403